Detekcia a oprava zraniteľností v smart kontraktoch pomocou dostupných AI nástrojov

Enregistré dans:
Détails bibliographiques
Auteur principal: Brandajský, Peter (Auteur)
Autres auteurs: Mastiľak, Lukáš (Directeur de thèse)
Format: Manuscrit Livre
Langue:slovaque
Publié: 2025
Sujets:
Accès en ligne:http://is.stuba.sk/zp/portal_zp.pl?podrobnosti=175235
Tags: Ajouter un tag
Pas de tags, Soyez le premier à ajouter un tag!

MARC

LEADER 00000ntm a22000003a 4500
001 stuzp102861
003 SK-STU
005 20250614211617.2
007 ta
008 150427s2015----xo-----f-mn---000-0-slo-d
040 |a STU  |b slo 
041 0 |a slo 
100 1 |a Brandajský, Peter  |u 070400  |4 aut  |U FIIT Fakulta informatiky a informačných technológií  |T FIIT Ústav počítačového inžinierstva a aplikovanej informatiky  |X 111630  |U I400  |Y 672  |7 111630 
242 0 1 |a Detection and correction of vulnerabilities in smart contracts with help of AI tools  |y eng 
245 1 0 |a Detekcia a oprava zraniteľností v smart kontraktoch pomocou dostupných AI nástrojov 
260 |c 2025 
650 4 |a Smart contracts  |2 eng 
650 4 |a Large Language Models  |2 eng 
650 4 |a Vulnerabilities  |2 eng 
650 4 |a Smart Kontrakty  |2 slo 
650 4 |a Veľké jazykové modely  |2 slo 
650 4 |a Zraniteľnosti  |2 slo 
700 1 |a Mastiľak, Lukáš  |u 070400  |k Z1  |4 ths  |U FIIT Fakulta informatiky a informačných technológií  |T FIIT Ústav počítačového inžinierstva a aplikovanej informatiky  |X 72229  |U I400  |Y 672  |7 72229 
856 4 |u http://is.stuba.sk/zp/portal_zp.pl?podrobnosti=175235